Wszystkie wsie w Gminie Długołęka - Statystyki

Ogólne statystyki
  • Ten quiz został rozwiązany 91 razy
  • Średni wynik to 13 z 45
Statystyki odpowiedzi
Wieś Populacja % Poprawnych
Długołęka 3259
91%
Kiełczów 6047
64%
Domaszczyn 613
61%
Mirków 2250
58%
Raków 305
55%
Łozina 577
45%
Borowa 673
42%
Byków 598
42%
Pasikurowice 763
42%
Szczodre 1243
42%
Kiełczówek 198
39%
Brzezia Łaka 1136
36%
Ramiszów 315
36%
Siedlec 695
36%
Bąków 145
33%
Pruszowice 471
33%
Wilczyce 1384
33%
Kamień 532
30%
Węgrów 268
30%
Bierzyce 349
24%
Jaksonowice 154
24%
Piecowice 480
24%
Śliwice 424
24%
Tokary 193
24%
Godzieszowa 362
21%
Januszkowice 530
21%
Kątna 413
21%
Kępa 197
21%
Michałowice 140
21%
Mydlice Kolonia Rakowa
21%
Bielawa 335
18%
Bukowina 279
18%
Dąbrowica 41
18%
Dobroszów Olesnicki 182
18%
Oleśniczka 304
18%
Stępin 391
18%
Zaprężyn 161
18%
Budziwojowice 67
15%
Łosice 189
15%
Nowy Dwór Kolonia Rakowa
15%
Pietrzykowice 106
15%
Skała 82
15%
Domaszczyn Mały Przysiółek Domaszczyna
12%
Krakowiany 140
12%
Olszyca Przysiółek Domaszczyna
9%
Nie znaleziono quizów pasujących do podanych kryteriów
Rozkład punktacji
Procent ludzi z każdym wynikiem
Percentyl według liczby udzielonych odpowiedzi
Twoja historia wyników
Nie rozwiązałeś tego quizu